bbno$ - edamame (lyrics) - Statistiken

Allgemein
  • Dieses Quiz wurde 2 mal gespielt
  • Das Durchschnittsergebnis liegt bei 396 aus 500
Antwortstatistiken
Antwort % Korrekt
a
100%
always
100%
an
100%
and
100%
And
100%
are
100%
Ayy lil' mama
100%
bad
100%
bag
100%
Balls
100%
big
100%
Bitch
100%
bottle
100%
bow
100%
bumpin' that
100%
called
100%
cost
100%
drop
100%
dumper
100%
ever
100%
fold
100%
for
100%
goin'
100%
going
100%
got
100%
Got
100%
growth
100%
hanging
100%
happy
100%
hit
100%
hunter
100%
I
100%
I'm
100%
in
100%
it
100%
It
100%
keep
100%
lot
100%
low
100%
Mama
100%
Man
100%
man
100%
me
100%
Never
100%
never
100%
not
100%
oath
100%
of
100%
off
100%
on
100%
pop
100%
really
100%
She
100%
she
100%
spot
100%
stop, stop, stop, stop
100%
swanging
100%
that
100%
that's
100%
the
100%
thottie
100%
'til
100%
to
100%
top, top, top, top
100%
while
100%
with
100%
Woah
100%
yacht
100%
Yeah
100%
yeah
100%
you
100%
You
100%
your
100%
about
50%
Addiction, uh
50%
all
50%
am
50%
arenas
50%
at
50%
attention
50%
baby
50%
back
50%
Badass B
50%
beach
50%
been
50%
bought
50%
Bought
50%
'bout
50%
bringin'
50%
car
50%
Chain
50%
chillin'
50%
cling-clang
50%
club
50%
dick
50%
dip
50%
do
50%
doin'
50%
drive
50%
edamame
50%
eyes
50%
feel
50%
fifth
50%
fuck
50%
goofies
50%
green
50%
guala, yeah
50%
Guess
50%
had
50%
heard
50%
her
50%
hot
50%
I'ma
50%
independent
50%
it's
50%
itself
50%
I've
50%
Just
50%
kidney
50%
Least
50%
let
50%
lick
50%
like
50%
listened
50%
major
50%
many
50%
million
50%
money
50%
My
50%
my
50%
now?
50%
now
50%
older
50%
Only
50%
options
50%
'Pac
50%
paint
50%
peace
50%
pea, yeah
50%
people
50%
pink
50%
popped
50%
pretendin'
50%
rich
50%
rock
50%
says
50%
seekin'
50%
she's
50%
shots
50%
shoulda
50%
smell
50%
so
50%
sock, sock, sock, sock
50%
stock
50%
stopped
50%
Strangest
50%
sun
50%
takin'
50%
talk, talk, talk, talk
50%
Teletubbies
50%
than
50%
they
50%
think?
50%
this
50%
tip
50%
Too
50%
warned
50%
what
50%
When
50%
whip
50%
away
0%
basing
0%
block
0%
choose
0%
cold
0%
cropped
0%
CVS
0%
Don't
0%
don't
0%
drying
0%
energy
0%
erase, uh
0%
face
0%
fake
0%
function
0%
getting
0%
Hoppin'
0%
ice
0%
If
0%
is
0%
life
0%
mask
0%
moisturizer
0%
need
0%
opinions
0%
out
0%
photo
0%
pocket's
0%
renovate
0%
sake
0%
VVS
0%
wanna
0%
want
0%
Keine übereinstimmenden Quizze gefunden
Verteilung der Resultate
Anzahl Personen mit jedem Resultat
Perzentil nach korrekt beantworteten Fragen
Ihre Resultats-Entwicklung
Sie haben dieses Quiz noch nicht gespielt